The environmental dimension in development planning

Αποθηκεύτηκε σε:
Λεπτομέρειες βιβλιογραφικής εγγραφής
Συλλογικό Έργο: Latin American Institute for Economic and Social Planning, United Nations Environment Programme
Άλλοι συγγραφείς: Sunkel, Osvaldo
Μορφή: Βιβλίο
Γλώσσα:English
Δημοσίευση: Santiago : United Nations, Economic Commission for Latin America and the Caribbean, 1990
Θέματα:
Ετικέτες: Προσθήκη ετικέτας
Δεν υπάρχουν, Καταχωρήστε ετικέτα πρώτοι!

MARC

LEADER 00000nam a2200000 i 4500
001 1/16286
008 980731s1990 i eng d
020 |a 9211211646 (v. 1) 
035 |l 10020141 
040 |a GR-MY-UA  |b gre  |e aacr 
041 0 |a eng 
082 0 |a 338.98 
245 1 4 |a The environmental dimension in development planning /  |c Osvaldo Sunkel ... [κ.ά.] 
260 |a Santiago :   |b United Nations, Economic Commission for Latin America and the Caribbean,   |c 1990 
300 |a 302 p.;  |b ill.;  |c 23 cm. 
500 |a At head of title: CEPAL/ILPES/PNUMA 
500 |a "United Nations publication sales no. E.90.II.G14"--Verso of t.p 
500 |a "LC/G.1579-P, December 1990"--Verso of t.p 
504 |a Includes bibliographical references 
650 0 0 |a Economic development  |x Environmental aspects  |z Latin America. 
650 0 0 |a Environmental policy  |z Latin America. 
700 1 |a Sunkel, Osvaldo. 
710 2 |a Latin American Institute for Economic and Social Planning. 
710 2 |a United Nations Environment Programme. 
852 |a INST  |b LESVOS  |e 19980731  |h 338.98 ENV  |p 005100024037  |q 005100024037  |t BK  |y 0 
901 |a BIBL1-2000-2 
909 |a Λ  |b 058555 
922 |a 1ΕΛΗ  |b 199806  |c ΚΠΣ/ΤΠ  |d ΠΑΠΑΣΩΤΗΡΙΟΥ 
950 |a 107-1998-05-19 
970 |z 2000/04/ΜΙΧΑΗΛΙΔΟΥ ΑΝΝΑ